000
00170 a2200085 4500
041
_a
spa
100
_a
Favian Medina Sanchez
245
_a
Secretos de confesion
942
_c
BK
999
_c
14681
_d
14681